000 00526nam a2200181Ia 4500
008 240729s9999 xx 000 0 und d
022 _a2772-8293
245 0 _aJournal of Allergy and Clinical Immunology: Global
260 _aUnited States
260 _bElsevier
650 _a Immunologic diseases. Allergy
650 _a Internal medicine
650 _a Specialties of internal medicine
650 _aMedicine
856 _uhttps://doaj.org/toc/b1621627c0964708aa1b1ba85924b4dd
942 _2ddc
942 _cDOAJEJ
999 _c73373
_d73373
945 _a1
_bMadushi Gamage
_c1
_dMadushi Gamage